[Event "FRA-chT U20 0809"]
[Site "Sautron"]
[Date "2009.01.02"]
[Round "6.8"]
[White "Chevalier, Ezio"]
[Black "Girande, Alexandre"]
[Result "1-0"]
[WhiteElo "1410"]
[BlackElo "1180"]
[PlyCount "68"]
[EventDate "2008.10.??"]
[EventType "team-tourn"]
[EventRounds "11"]
[EventCountry "FRA"]
[SourceTitle "EXT 2010"]
[Source "ChessBase"]
[SourceDate "2010.11.25"]
[SourceVersion "1"]
[SourceVersionDate "2010.11.25"]
[SourceQuality "1"]

1. d4 d5 2. c4 e6 3. Nc3 Nf6 4. Nf3 c6 5. e3 Nbd7 6. Bd3 Qa5 7. 0-0 Bb4 8. Bd2 0-0 9. a3 Bd6 10. Nxd5 Qd8 11. Nc3 Re8 12. Qc2 h6 13. e4 e5 14. dxe5 Bxe5 15. Rad1 Qc7 16. Qc1 Nc5 17. Be3 Ncd7 18. Bxh6 g6 19. Nxe5 Rxe5 20. Bf4 Nc5 21. b4 Nxd3 22. Rxd3 Be6 23. Rfd1 Bd7 24. Bxe5 Qxe5 25. Rxd7 Nxd7 26. Rxd7 Kg7 27. f3 b5 28. cxb5 cxb5 29. Rd5 Qe8 30. Qb2 Kf8 31. Qe2 Rc8 32. Nxb5 Qe6 33. Nd4 Qb6 34. Rc5 Re8 1-0